• AIU
  • Tony Wilmot Memorial Library

Ton role pour faire arriver l'Evangile : (Record no. 24868)

MARC details
000 -LEADER
fixed length control field 00512nam a22001691a 4500
003 - CONTROL NUMBER IDENTIFIER
control field NEGST
005 - DATE AND TIME OF LATEST TRANSACTION
control field 20110718125255.0
008 - FIXED-LENGTH DATA ELEMENTS--GENERAL INFORMATION
fixed length control field 030714s1995 001 0 eng d
110 2# - MAIN ENTRY--CORPORATE NAME
Corporate name or jurisdiction name as entry element Bonkanya L. L.
245 10 - TITLE STATEMENT
Title Ton role pour faire arriver l'Evangile :
Remainder of title Aux Extremites De La Terre /
Statement of responsibility, etc Bonkanya L. L.
260 ## - PUBLICATION, DISTRIBUTION, ETC. (IMPRINT)
Place of publication, distribution, etc Kinshasa :
Name of publisher, distributor, etc Centre Protestant d'Editions et de Diffusion,
Date of publication, distribution, etc 1995.
300 ## - PHYSICAL DESCRIPTION
Extent v, 44p.
500 ## - GENERAL NOTE
General note Maps.
590 ## - LOCAL NOTE (RLIN)
Local note Accession number: 30054
650 #0 - SUBJECT ADDED ENTRY--TOPICAL TERM
Topical term or geographic name as entry element Missions
General subdivision Africa.
Holdings
Withdrawn status Lost status Source of classification or shelving scheme Damaged status Not for loan Collection code Home library Current library Shelving location Date acquired Total Checkouts Full call number Barcode Date last seen Price effective from Koha item type
    Library of Congress Classification     General Circulation AIU/NEGST - Tony Wilmot Memorial Library AIU/NEGST - Tony Wilmot Memorial Library General Stacks 02/10/2012   BV 2061 .B66 1995 R04879F3232 09/26/2019 02/10/2012 Books